Текст томруулах:    
Hard optimism (Бичлэгийн дугаар. 146065)
000 -УДИРДЛАГА
Удирдлага 01322nam a22003737a 4500
003 - ХЯНАЛТЫН ТОО ТОДОРХОЙЛОГЧ
Код MN-UlNUM
005 - БИЧИЛТ ХИЙСЭН ОГНОО
Тухайн бичилтийг бичсэн засварласан сүүлийн огноо 20260103161748.0
008 - ЕРӨНХИЙ МЭДЭЭЛЭЛ
Ерөнхий мэдээлэл 130717s2007 nyu b 000 0 eng
020 ## - ISBN
ISBN 0071485457
-- 9780071485456
040 ## - БИЧЛЭГ ҮҮСГЭГЧ БАЙГУУЛЛАГА
Бичлэг үүсгэгч номын сангийн код МУИС-ийн номын сан
084 ## - ББК АНГИЛАЛ
Нэмэлт тусгалт Нэг сэдэвт бүтээл
ББК ангилал 88.4
Зохиогчийн гурван тэмдэгт P 92
Мэдлэгийн ялгаа 88 - Сэтгэл судлал
100 1# - ЗОХИОГЧ
Зохиогчийн нэр Pritchett, Price.
245 10 - ҮНДСЭН ГАРЧИГ
Номын нэр Hard optimism
Бага гарчгийн мэдээ How to succeed in a world where positive wins
Оролцогчдын тухай мэдээ Price Pritchett
260 ## - ГАРАЛТЫН МЭДЭЭ
Хэвлэгдсэн газар New York
Хэвлэлийн газар McGraw-Hill
Хэвлэгдсэн он 2007
300 ## - МАТЕРИАЛЫН ТОДОРХОЙЛОЛТ
хуудасны тоо iv, 139 p.
Хэмжээ 21 cm.
500 ## - Тайлбар
Дансны дугаар БС 5983
546 ## - ХЭЛНИЙ ТУХАЙ МЭДЭЭ
Хэл Англи хэл дээр,
653 ## - Түлхүүр үг
Түлхүүр үг optimism
740 ## - НОМЫН ГАРЧИГ
Гарчиг Control the life-shaping power of your thoughts and attitudes
740 ## - НОМЫН ГАРЧИГ
Гарчиг Assess your current level of optimism
740 ## - НОМЫН ГАРЧИГ
Гарчиг Develop the explanatory style of an optimist
740 ## - НОМЫН ГАРЧИГ
Гарчиг Eliminate the explanatory style that pessimists use
740 ## - НОМЫН ГАРЧИГ
Гарчиг Recognize and dispute pessimistic thoughts
740 ## - НОМЫН ГАРЧИГ
Гарчиг Use positive reappraisal to handle problems and disappointments
740 ## - НОМЫН ГАРЧИГ
Гарчиг Make hope a habit
740 ## - НОМЫН ГАРЧИГ
Гарчиг Know how and when to use negative thinking
740 ## - НОМЫН ГАРЧИГ
Гарчиг Practice gratitude and forgiveness
740 ## - НОМЫН ГАРЧИГ
Гарчиг Play to your signature strengths
740 ## - НОМЫН ГАРЧИГ
Гарчиг Go for flow
740 ## - НОМЫН ГАРЧИГ
Гарчиг Act the way you want to feel
942 ## - ЭЛЕМЕНТИЙН ТӨРӨЛ
Зүйлийн төрөл Ном